| 000 | 00888nmc a2200325 a 4500 | ||
|---|---|---|---|
| 003 | AR-BaBNM | ||
| 005 | 20251128211142.0 | ||
| 008 | 033020s2001 ||||||||||||||000 | spa|| | ||
| 020 | _a950-16-5324-2 | ||
| 040 | _cAR-BaBNM | ||
| 100 | 1 | _aPitluk, Roberto | |
| 245 | 1 | 0 | _aAprender a pensar |
| 250 | _a1ª ed. | ||
| 260 |
_aBuenos Aires _bTroquel _c2001 |
||
| 300 | 0 |
_a138 p. _bil., tablas |
|
| 490 | 0 | _aSer humano : programa de educación integral. Polimodal | |
| 521 | _aPOLIMODAL | ||
| 650 | 4 | _aLIBROS DE TEXTO | |
| 650 | 4 | _aACTIVIDADES DE APRENDIZAJE | |
| 650 | 4 | _aJUEGOS EDUCATIVOS | |
| 653 | 0 | _aEDUCACION EN VALORES | |
| 653 | 0 | _aMETACOGNICION | |
| 653 | 0 | _aESTRATEGIAS EDUCATIVAS | |
| 653 | 0 | _aEDUCACION SECUNDARIA | |
| 653 | 0 | _aEDUCACION POLIMODAL | |
| 700 | 1 | _aRao, Osvaldo | |
| 700 | 1 |
_aMizrahi, Alejandra _ecoordinador |
|
| 942 | _cBK | ||
| 998 | _craquel | ||
| 999 |
_c18466 _d18466 |
||